=LDR 00000nam 2200000 4500 =001 INLIS000000000019367 =005 20140321101239.0 =006 =007 =008 Ind =035 ##$$a 0010-061300000019367 =041 ##$$a Ind =082 ##$$a 371.2 =090 ##$$a 371.2, Sur m =100 ##$$a Suryosubroto, B =245 ##$$a Manajemen pendidikan di sekolah, B. Suryosubroto =260 ##$$a 2004 $b Jakarta =300 ##$$a ix, 223 hlm, 21 cm =650 ##$$a Manajemen pendidikan di sekolah =850 ##$$a NBPNMAT =990 ##$$a 91306/BPAP-NTB/2014 =990 ##$$a 0001/BPAP-NTB/20142014